Marcas de roupa logo - Statistics

Estatísticas Gerais
  • Esse quiz foi jogado 1 329 vezes
  • A pontuação média é 10 de 15
Estatísticas das Respostas
Imagem Resposta % Correto
Adidas
99%
Nike
98%
Lacoste
97%
Filla
93%
Gucci
89%
Levis
89%
Chanel
80%
Louis Vuitton
74%
Umbro
72%
Tommy Hilfiger
62%
Gap
57%
Under Armour
47%
Guess
43%
Fruit of the Loom
10%
Kangol
3%
Nenhum quiz correspondente encontrado
Distribuição das Pontuações
Porcentagem de Pessoas com Cada Pontuação
Percentil de Números Respondidos
Sua Pontuação Histórica
Você não jogou esse quiz